| 000 | 01047pam a2200301 a 4500 | ||
|---|---|---|---|
| 001 | 765 | ||
| 005 | 20230713101633.0 | ||
| 008 | 901026s1991 nyua j 000 1 eng | ||
| 020 |
_a0590442430 : _c$13.95 |
||
| 040 |
_aDLC _cDLC _dDLC |
||
| 050 | 0 | 0 |
_aPZ7.S75663 _bFo 1991 |
| 082 | 0 | 0 |
_a[Fic] _220 |
| 100 | 1 | _aSpinelli, Jerry. | |
| 245 | 1 | 0 |
_aFourth grade rats / _cSpinelli, Jerry ; illustrated by Bell, Jennifer A. . |
| 250 | _aThis edition first printing, August 2012 | ||
| 260 |
_aNew York : _bScholastic, _c2012. |
||
| 300 |
_a136 and 10 unnumbered pages : _billustrations ; _c20 cm. |
||
| 505 | _aF | ||
| 520 | _aSuds learns that his best friend is wrong. You don't have to be a tough guy, a "rat," to be a grown up fourth grader. | ||
| 521 |
_a340
_bLexile |
||
| 521 |
_aF
_bRaz-Plus |
||
| 650 | 1 |
_aFriendship _xFiction. |
|
| 650 | 1 |
_aConduct of life _xFiction. |
|
| 650 | 1 |
_aSchools _xFiction. |
|
| 700 | 1 |
_aBell, Jennifer A. _eillustrator. |
|
| 906 |
_a7 _bcbc _corignew _d1 _eocip _f19 _gy-gencatlg |
||
| 942 |
_2ddc _cBK _n0 |
||
| 999 |
_c765 _d765 |
||